000 00329nam a22001457a 4500
008 210310b ||||| |||| 00| 0 eng d
020 _a0808910272
041 _aeng
080 _a618
082 _a618
100 _a10
101 _aGJN
245 _aNew Concepts in Endocrinology and Metabolism
_cRose,I.L
942 _2udc
_cBK
999 _c56256
_d56256